Global shift: Mapping the changing contours of the world economy (Record no. 16652)

MARC details
000 -LEADER
fixed length control field 00511nam a2200181Ia 4500
008 - FIXED-LENGTH DATA ELEMENTS--GENERAL INFORMATION
fixed length control field 230917s9999||||xx |||||||||||||| ||und||
020 ## - ISBN
Price GBP41.99
040 ## - CATALOGING SOURCE
-- 229033
Original cataloging agency VIVEKANANDA LIBRARY
041 ## - Language
-- English
082 ## - DDC NUMBER
Classification number 330.91 D554G(7)
100 ## - MAIN ENTRY--PERSONAL NAME
Personal name Dicken, Peter
245 #0 - TITLE STATEMENT
Title Global shift: Mapping the changing contours of the world economy
250 ## - EDITION STATEMENT
Edition statement 7th ed.
260 ## - PUBLICATION, DISTRIBUTION, ETC. (IMPRINT)
Place of publication, distribution, etc New Delhi
Name of publisher, distributor, etc Sage Publications
Date of publication, distribution, etc 2015
300 ## - PHYSICAL DESCRIPTION
Pages 618 p.
500 ## - GENERAL NOTE
General note 2184 09/11/2015 RK16/2045 20/01/2016 Main Budget
942 ## - ADDED ENTRY ELEMENTS (KOHA)
Koha item type Books
Holdings
Withdrawn status Lost status Damaged status Not for loan Location (home branch) Sublocation or collection (holding branch) Date acquired Koha issues (times borrowed) Koha full call number Accession No. Koha date last seen Koha item type
        VIVEKANANDA LIBRARY VIVEKANANDA LIBRARY 25/09/2016 1 330.91 D554G(7) 358258 20/01/2025 Books
© Designed and Maintained by Vivekananda Library, MDU Rohtak